La filosofía hoy: de los origenes romanticos de la filosofía contemporánea hasta los problemas actuales
保存先:
| 第一著者: | |
|---|---|
| フォーマット: | 図書 |
| 言語: | スペイン語 |
| 出版事項: |
Barcelona
Luis Miracle
1956
|
| シリーズ: | Biblioteca Filosófica, 2
|
| 主題: | |
| タグ: |
タグ追加
タグなし, このレコードへの初めてのタグを付けませんか!
|
MARC
| LEADER | 00000nam a2200000 a 4500 | ||
|---|---|---|---|
| 001 | UCZ3097 | ||
| 003 | CL-VaPUC | ||
| 008 | 951020e19560000SP |||||||||||||||||spa|d | ||
| 082 | 0 | 4 | |a 190 |b SCI |2 21 |
| 100 | 0 | |a Sciacca, Michele Federico |e author |9 346886 | |
| 245 | 1 | 3 | |a La filosofía hoy: de los origenes romanticos de la filosofía contemporánea hasta los problemas actuales |
| 300 | |a 542 p | ||
| 942 | |c BK | ||
| 945 | |d 19951020 00:00:00 |a rbrito | ||
| 260 | |a Barcelona |b Luis Miracle |c 1956 | ||
| 650 | 0 | |a Filosofía |9 223554 | |
| 650 | 0 | |a Filosofía contemporánea |9 265372 | |
| 583 | |a last modification |c 19951020 00:00:00 |k Rodrigo Vera | ||
| 490 | 0 | |a Biblioteca Filosófica, 2 | |
| 999 | |c 239619 |d 239617 | ||
| 952 | |0 0 |1 0 |4 0 |6 190_000000000000000_SCI_1956 |7 0 |8 P |9 250890 |a BIBEDU |b BIBEDU |c BIBEDU_PB |d 2019-11-18 |i 3130150 |o 190 SCI 1956 |p 3130150 |r 2024-01-25 |w 2019-11-18 |y BK |k FIL | ||